000
00305nam a2200121Ia 4500
008
210428s9999 xx 000 0 und d
082
_a
620 G 354 M
100
_a
James M Gere
_9
13396
245
0
_a
Mechanics of Materials
260
_b
Stanley Thornes Ltd
_a
London
_c
1999
300
_a
913p.
942
_c
BK
999
_c
559906
_d
559906